O tempo dos Deuses (Record no. 15508)
[ view plain ]
| 000 -Etiqueta do registo | |
|---|---|
| Valores | 00367nam a2200121 4500 |
| 100 ## - Dados gerais de processamento | |
| Dados gerais | 20230710 pory50 |
| 200 ## - Titulo e menção de responsabilidade | |
| Título próprio | O tempo dos Deuses |
| Título paralelo | Nova carta Arqueológica do Alandroal |
| Primeira menção de responsabilidade | Manuel Calado |
| Outras menções de responsabilidade | Conceição Roque |
| 210 ## - Publicação | |
| Local de publicação | Alandroal |
| Nome do editor | Câmara Municipal |
| Data de publicação | [201?] |
| 215 ## - Descrição física | |
| Paginação / Volumes | 330 p. |
| Outras indicações físicas | il. |
| Dimensões | 29 cm |
| 801 ## - Fonte de origem | |
| País | PT |
| Agência | BMA |
| Regras de catalogação | RPC |
| 990 ## - Elementos KOHA | |
| Tipo de documento | Livro |
| Situação do levantamento | Estado | Biblioteca de origem | Código de barras | Cota | Permissão de empréstimo | Tipo de documento | Forma de aquisição | Número |
|---|---|---|---|---|---|---|---|---|
| Biblioteca Municipal do Alandroal | 9569/13 | 903(469) CAL | Livro | Oferta | ||||
| Biblioteca Municipal do Alandroal | 13045/17-2 | 908(469.512) CAD | Livro | Oferta | BMA |